[Event "12e Tournoi de Noël"]
[Site "Montigny le Bretonneux"]
[Date "2009.12.28"]
[Round "4.11"]
[White "Verkarre, Sylvie"]
[Black "Branson, James"]
[Result "1/2-1/2"]
[WhiteElo "1520"]
[BlackElo "1674"]
[Annotator "Rivier,Sylvain"]
[PlyCount "80"]
[Source "La Dame Noire"]
[SourceDate "2009.01.01"]

{Début du fou, défense berlinoise} 1. e4 e5 2. Nf3 Nc6 3. Bc4 Nf6 4. d3 d5 5.
exd5 Nxd5 6. Bxd5 Qxd5 7. Nc3 Bb4 8. O-O Bxc3 9. bxc3 Bg4 10. h3 Bxf3 11. Qxf3
Qxf3 12. gxf3 O-O-O 13. Be3 Rd6 14. a3 f5 15. f4 Rh6 16. Kh2 Rh5 17. Rg1 Rg8
18. Rg5 Rxg5 19. fxg5 {#} f4 20. Bd2 g6 21. h4 Re8 22. Kg2 Kd7 23. Kf3 Rf8 24.
Bc1 Ne7 25. Bb2 Nf5 26. Rh1 b5 27. h5 Rf7 28. hxg6 hxg6 29. c4 bxc4 30. Bxe5
cxd3 31. cxd3 c5 32. Bxf4 Kc6 33. Be3 Kd5 34. Ke2 c4 35. dxc4+ Kxc4 36. Rb1 Kc3
37. a4 Rd7 38. a5 Nxe3 39. Kxe3 Rd5 40. f4 Kc2 1/2-1/2

[Event "12e Tournoi de Noël"]
[Site "Montigny le Bretonneux"]
[Date "2009.12.28"]
[Round "4.12"]
[White "San Marco, Jean"]
[Black "Guillot, Alain"]
[Result "1-0"]
[WhiteElo "2008"]
[BlackElo "1759"]
[Annotator "Rivier,Sylvain"]
[PlyCount "129"]
[Source "La Dame Noire"]
[SourceDate "2009.01.01"]

{Défense Caro-Kann, variante d'avance} 1. e4 c6 2. d4 d5 3. e5 c5 4. Be3 Nc6 5.
c3 cxd4 6. cxd4 Qb6 7. Qd2 Bf5 8. Nc3 e6 9. Nf3 Bb4 10. Be2 Nge7 11. O-O Bg4
12. Rac1 O-O 13. Rfd1 Rac8 14. h3 Bxf3 15. Bxf3 Nf5 16. Qd3 Nxe3 17. fxe3 Bxc3
18. bxc3 Na5 19. Rb1 Qc7 20. Rdc1 Nc4 21. e4 Rfd8 22. exd5 exd5 23. Rb5 Nb6 24.
Rc5 Qe7 25. Rxc8 Nxc8 26. Rf1 Nb6 27. Bg4 g6 28. Qg3 Nc4 29. Qf4 g5 30. Qf2 h6
31. e6 fxe6 32. Qf6 Qxf6 33. Rxf6 Kg7 34. Rxe6 Rf8 {#} 35. Bh5 Rf6 36. Re7+ Kg8
37. Bf3 Rd6 38. Rxb7 Nd2 39. Rxa7 Nxf3+ 40. gxf3 Rb6 41. Kg2 h5 42. Ra5 Rb2+
43. Kg3 h4+ 44. Kg4 Rg2+ 45. Kh5 Rg3 46. Rxd5 Rxf3 47. Rxg5+ Kf7 48. Kxh4 Rxc3
49. Rg3 Rc4 50. Rd3 Ke6 51. Kg4 Kd5 52. h4 Rc1 53. h5 Ke4 54. Rg3 Kxd4 55. h6
Rc7 56. Rh3 Ke4 57. Rh5 Rc1 58. Rh3 Rg1+ 59. Rg3 Rh1 60. Kg5 Rf1 61. Rg4+ Ke5
62. h7 Rh1 63. Kg6 Ke6 64. Kg7 Kf5 65. Rg2 1-0

[Event "12e Tournoi de Noël"]
[Site "Montigny le Bretonneux"]
[Date "2009.12.28"]
[Round "4.14"]
[White "Le Grix De La Salle, Jean-Marie"]
[Black "Mongey, Kilian"]
[Result "1-0"]
[WhiteElo "1869"]
[BlackElo "1670"]
[Annotator "Rivier,Sylvain"]
[PlyCount "63"]
[Source "La Dame Noire"]
[SourceDate "2009.01.01"]

{Ouverture du pion dame} 1. d4 Nf6 2. e3 g6 3. Bd3 Bg7 4. f4 d6 5. Nf3 Bg4 6.
Nbd2 Nbd7 7. O-O c5 8. c3 O-O 9. Qe1 cxd4 10. exd4 Nd5 11. Ng5 h6 12. Nge4 Bf5
13. h3 e6 {#} 14. g4 Bxe4 15. Nxe4 N7f6 16. f5 exf5 17. gxf5 Re8 18. fxg6 fxg6
19. Nxf6+ Nxf6 20. Qg3 g5 21. h4 Nh5 22. Qf3 Nf4 23. Bxf4 gxf4 24. Qxf4 Rf8 25.
Qe4 Rf6 26. Qh7+ Kf8 27. Rxf6+ Bxf6 28. Qxh6+ Ke8 29. Bb5+ Kf7 30. Qh7+ Kf8 31.
Re1 b6 32. Qh6+ 1-0

[Event "12e Tournoi de Noël"]
[Site "Montigny le Bretonneux"]
[Date "2009.12.28"]
[Round "4.15"]
[White "Hurlot, Rodolphe"]
[Black "Danzanvilliers, Patrice"]
[Result "1/2-1/2"]
[WhiteElo "1745"]
[BlackElo "1855"]
[Annotator "Rivier,Sylvain"]
[PlyCount "42"]
[Source "La Dame Noire"]
[SourceDate "2009.01.01"]

{Défense hollandaise, variante de Leningrad} 1. Nf3 f5 2. g3 Nf6 3. Bg2 d6 4.
d4 e6 5. c4 g6 6. O-O Bg7 7. Nc3 O-O 8. Bg5 h6 9. Bxf6 Bxf6 10. Qd2 Kh7 11.
Rad1 Nd7 12. e4 fxe4 13. Nxe4 e5 14. dxe5 Nxe5 15. Nxf6+ Qxf6 16. Nxe5 Qxe5 17.
Rfe1 Qf6 18. Re3 Bd7 19. Rde1 Bc6 20. Bxc6 bxc6 21. Qe2 Rf7 {#} 1/2-1/2

[Event "12e Tournoi de Noël"]
[Site "Montigny le Bretonneux"]
[Date "2009.12.28"]
[Round "4.16"]
[White "Canto, Jean-Louis"]
[Black "Brisson, Pascal"]
[Result "0-1"]
[WhiteElo "1610"]
[BlackElo "1826"]
[Annotator "Rivier,Sylvain"]
[PlyCount "74"]
[Source "La Dame Noire"]
[SourceDate "2009.01.01"]

{Défense Pirc, variante classique} 1. e4 d6 2. d4 Nf6 3. Nc3 g6 4. Nf3 Bg7 5.
h3 O-O 6. Be2 Nbd7 7. Be3 c6 8. O-O Qc7 9. Qd2 b5 10. a3 a6 11. Bh6 c5 12. Bxg7
Kxg7 13. Qe3 Bb7 14. d5 Rfe8 15. Rfd1 e6 16. Qd2 {#} b4 17. dxe6 bxc3 18. Qxc3
Rxe6 19. Ng5 Re7 20. Bd3 Kg8 21. Re1 Rae8 22. Re2 h6 23. Nf3 Nxe4 24. Qe1 c4
25. Bxe4 Rxe4 26. Rxe4 Rxe4 27. Qd2 Kh7 28. h4 Rg4 29. Qe3 Bxf3 30. Qxf3 Ne5
31. Qf6 Qc6 32. g3 Qd5 33. h5 Qe6 34. hxg6+ Rxg6 35. Qd8 Qh3 36. Qa8 Ng4 37.
Re1 Qh2+ 0-1

[Event "12e Tournoi de Noël"]
[Site "Montigny le Bretonneux"]
[Date "2009.12.28"]
[Round "4.17"]
[White "Jean, Robert"]
[Black "Mongey, Alain"]
[Result "0-1"]
[WhiteElo "1809"]
[BlackElo "1613"]
[Annotator "Rivier,Sylvain"]
[PlyCount "144"]
[Source "La Dame Noire"]
[SourceDate "2009.01.01"]

{Ouverture anglaise, variante sicilienne inversée} 1. c4 e5 2. g3 Bc5 3. Bg2
Nc6 4. Nc3 Nf6 5. e3 d6 6. Nge2 Bg4 7. h3 Be6 8. b3 Rb8 9. O-O Ne7 10. d4 exd4
11. exd4 Bb6 12. Nf4 O-O 13. Nxe6 fxe6 14. Re1 Qd7 15. Bb2 Ng6 16. Ne4 c6 17.
Re2 Rf7 18. Nxf6+ Rxf6 19. d5 e5 20. dxc6 bxc6 21. Rc1 Rbf8 22. Rcc2 Qc7 23. h4
Ne7 24. Bc1 Nf5 {#} 25. Bb2 Nxg3 26. Red2 Nf5 27. Qg4 Nd4 28. Bxd4 Bxd4 29. h5
Qb6 30. Qe4 Rxf2 31. Rxf2 Bxf2+ 32. Kh1 Rf4 33. Qd3 Rh4+ 34. Bh3 Qd4 35. Qxd4
Bxd4 36. Kg2 Rxh5 37. Bd7 c5 38. Kf3 Rh6 39. Bc6 Rf6+ 40. Kg3 Kf7 41. Bd5+ Ke7
42. Re2 Kd7 43. Kg2 Kc7 44. Bg8 h6 45. Bh7 g5 46. Bd3 Kb6 47. Kg3 Rf4 48. Rh2
Rf6 49. Kg4 Ka5 50. a3 Rf4+ 51. Kg3 e4 52. Bb1 Rf3+ 53. Kg4 Rxb3 54. Bxe4 Ka4
55. Rxh6 Kxa3 56. Rxd6 Rb6 57. Rd7 a5 58. Kxg5 Kb4 59. Rh7 Kxc4 60. Rh3 a4 61.
Kf5 Rf6+ 62. Kg4 Kb4 63. Bc2 Rf2 64. Bf5 a3 65. Be6 a2 66. Bxa2 Rxa2 67. Kf4
Re2 68. Rh7 Kc3 69. Rd7 Kd2 70. Kf3 Re8 71. Rd5 Kd3 72. Rd7 c4 0-1

[Event "12e Tournoi de Noël"]
[Site "Montigny le Bretonneux"]
[Date "2009.12.28"]
[Round "4.18"]
[White "Habunek, Patrick"]
[Black "Galopin, Gregory"]
[Result "1/2-1/2"]
[WhiteElo "1786"]
[BlackElo "1590"]
[Annotator "Rivier,Sylvain"]
[PlyCount "45"]
[Source "La Dame Noire"]
[SourceDate "2009.01.01"]

{Défense sicilienne, attaque yougoslave} 1. e4 c5 2. Nf3 d6 3. d4 cxd4 4. Nxd4
Nf6 5. Nc3 g6 6. Be3 Bg7 7. f3 Bd7 8. Qd2 h5 9. h4 Nc6 10. Nb3 a6 11. Be2 Ne5
12. f4 Neg4 13. Bd4 e5 14. Bg1 Bh6 15. g3 Qe7 16. Bf3 Bc6 17. O-O-O Rd8 18. Bb6
Rd7 19. Kb1 O-O {#} 20. Na5 exf4 21. Nxc6 bxc6 22. gxf4 Qe6 23. Rhf1 1/2-1/2

[Event "12e Tournoi de Noël"]
[Site "Montigny le Bretonneux"]
[Date "2009.12.28"]
[Round "4.19"]
[White "Couronne, Patrice"]
[Black "Couradin, Bruno"]
[Result "1/2-1/2"]
[WhiteElo "1768"]
[BlackElo "1630"]
[Annotator "Rivier,Sylvain"]
[PlyCount "127"]
[Source "La Dame Noire"]
[SourceDate "2009.01.01"]

{Début Larsen} 1. b3 e5 2. Bb2 Nc6 3. e3 Nf6 4. Be2 d5 5. Nf3 Bd6 6. Nc3 e4 7.
Ng1 Be6 8. d3 O-O 9. dxe4 dxe4 10. Bb5 Ne5 11. Qd2 c6 12. O-O-O Bc7 13. Qxd8
Raxd8 14. Be2 Rxd1+ 15. Bxd1 Rd8 16. h3 b5 17. Nge2 b4 18. Na4 Nd5 19. Nd4 Bc8
20. g4 Bd6 21. Be2 g6 22. Bf1 a6 23. Ne2 Nf3 24. Bg2 f5 25. Bxf3 exf3 26. Nd4
fxg4 27. hxg4 Bxg4 28. Nxc6 Rc8 29. Ne5 Bxe5 30. Bxe5 Bf5 31. c4 bxc3 32. Rh4
c2 33. Rd4 Ne7 34. Nb6 Rc6 35. Nc4 h5 {#} 36. e4 Bh3 37. Kxc2 Kh7 38. Bf4 Rc8
39. Kd2 Nc6 40. Rd6 Bg4 41. Ke3 Ne7 42. Rxa6 Kg8 43. Bg5 Nc6 44. a3 Kg7 45. Rb6
Bd7 46. Rb7 Nb8 47. Bf4 Kf6 48. e5+ Ke6 49. Rb6+ Bc6 50. b4 Kd5 51. Na5 Nd7 52.
Ra6 g5 53. Bxg5 Nxe5 54. Bf4 Bb5 55. Rh6 Ng4+ 56. Kxf3 Nxh6 57. Bxh6 Rc3+ 58.
Kf4 Rxa3 59. Kg5 Be2 60. f4 Rg3+ 61. Kh4 Rg6 62. Bg5 Rb6 63. Be7 Ke4 64. Kg5
1/2-1/2

[Event "12e Tournoi de Noël"]
[Site "Montigny le Bretonneux"]
[Date "2009.12.28"]
[Round "4.20"]
[White "Rodriguez, Jean-Pierre"]
[Black "Bouloc, Roger"]
[Result "1-0"]
[WhiteElo "1648"]
[BlackElo "1460"]
[Annotator "Rivier,Sylvain"]
[PlyCount "88"]
[Source "La Dame Noire"]
[SourceDate "2009.01.01"]

{Gambit dame, système Ragozin} 1. c4 e6 2. Nc3 d5 3. cxd5 exd5 4. d4 Nf6 5. Nf3
Bb4 6. Bd2 O-O 7. g3 b6 8. Bg2 Bb7 9. O-O Nbd7 10. Rc1 Qe7 11. a3 Bd6 12. Nb5
c6 13. Nxd6 Qxd6 14. Qb3 a5 15. Bf4 Qe6 16. Rfe1 b5 17. Qc2 Ne4 18. Ng5 Nxg5
19. Bxg5 h6 20. Bf4 Nf6 21. Be5 Ng4 22. Bf4 Rfe8 23. e4 Qg6 24. Re2 Nf6 25.
Rce1 Re6 26. f3 Qh5 27. e5 Nd7 28. Rf2 Rae8 29. Qd2 a4 30. g4 Qg6 31. Kh1 h5
32. Bh3 hxg4 33. Rg1 f5 {#} 34. fxg4 fxg4 35. Bxg4 Qe4+ 36. Bf3 Qf5 37. Rfg2
R8e7 38. Bg4 Qe4 39. Re1 Qh7 40. Bxe6+ Rxe6 41. Qf2 Nb6 42. Rf1 Nc4 43. Bg5 Qg6
44. Bf6 Qxg2+ 1-0

[Event "12e Tournoi de Noël"]
[Site "Montigny le Bretonneux"]
[Date "2009.12.28"]
[Round "4.21"]
[White "Couradin, Jean-Marie"]
[Black "Vallobra, Thierry"]
[Result "0-1"]
[WhiteElo "1755"]
[BlackElo "1420"]
[Annotator "Rivier,Sylvain"]
[PlyCount "86"]
[Source "La Dame Noire"]
[SourceDate "2009.01.01"]

{Ouverture anglaise} 1. c4 e5 2. g3 Nf6 3. Bg2 d6 4. Nc3 Be6 5. Bxb7 Nbd7 6.
Nd5 Rb8 7. Bc6 Be7 8. Nf3 h6 9. d3 O-O 10. Nxe7+ Qxe7 11. Be3 Nc5 12. Bxc5 dxc5
13. Qc2 Qd6 14. Ba4 Bg4 15. Nd2 Qd4 16. Nb3 Qd6 17. a3 Bf5 18. O-O-O Qe7 19.
Qc3 e4 20. Rhe1 Ng4 21. Rd2 Nxf2 22. Rf1 e3 23. Rc2 Bg6 24. Bc6 Rfd8 25. Na5
Rd6 26. Bd5 Bf5 {#} 27. Nc6 Rxc6 28. Bxc6 Qd6 29. Bd5 Bg6 30. Qa5 a6 31. Rc3
Kf8 32. Qa4 Kg8 33. Rb3 Rxb3 34. Qxb3 Qf8 35. Qc3 Bh5 36. Re1 Bg6 37. d4 cxd4
38. Qxd4 Qe8 39. b4 Qa4 40. Qc3 Bf5 41. Kb2 Nd1+ 42. Rxd1 Qxd1 43. Bf3 Qb1# 0-1

[Event "12e Tournoi de Noël"]
[Site "Montigny le Bretonneux"]
[Date "2009.12.28"]
[Round "4.22"]
[White "Mauron, Regis"]
[Black "Miolane, Tom"]
[Result "1-0"]
[WhiteElo "1585"]
[BlackElo "1340"]
[Annotator "Rivier,Sylvain"]
[PlyCount "55"]
[Source "La Dame Noire"]
[SourceDate "2009.01.01"]

{Ouverture irrégulière} 1. b4 e5 2. Bb2 Bxb4 3. Bxe5 Nf6 4. e3 Nc6 5. Bb2 O-O
6. Nf3 d5 7. Be2 Re8 8. O-O Bf5 9. d3 Re6 {#} 10. Nh4 Ne7 11. Nxf5 Nxf5 12. Bg4
g6 13. Bxf5 gxf5 14. Qf3 Ng4 15. h3 Nh6 16. Nc3 c6 17. Ne2 Bd6 18. Nf4 Bxf4 19.
Qxf4 Qb6 20. Rab1 Qa5 21. a3 Qd2 22. Qd4 f6 23. Bc3 c5 24. Qxd5 Qxc3 25. Qxe6+
Kf8 26. Rxb7 Qe5 27. Qd7 Kg8 28. Qg7# 1-0

[Event "12e Tournoi de Noël"]
[Site "Montigny le Bretonneux"]
[Date "2009.12.29"]
[Round "5.1"]
[White "Ider, Borya"]
[Black "Guliyev, Namig"]
[Result "1/2-1/2"]
[WhiteElo "2276"]
[BlackElo "2514"]
[Annotator "Rivier,Sylvain"]
[PlyCount "100"]

{Ouverture du pion dame} 1. d4 d5 2. Nf3 Nf6 3. g3 e6 4. Bg2 b5 5. Nbd2 Nbd7 6.
e4 dxe4 7. Ng5 Bb7 8. Ngxe4 Bd5 9. O-O Be7 10. Re1 O-O 11. Nxf6+ Nxf6 12. Ne4
Nxe4 13. Bxe4 c5 14. Bxd5 Qxd5 15. dxc5 Qxc5 16. Be3 Qc6 {#} 17. c3 Rfd8 18.
Qg4 Rd5 19. Rad1 a6 20. Rxd5 Qxd5 21. Bd4 g6 22. Qe4 Rd8 23. Qxd5 Rxd5 24. Kf1
Bd6 25. Ke2 e5 26. Be3 f5 27. Rd1 Rxd1 28. Kxd1 Kf7 29. f3 Ke6 30. Ke2 Kd5 31.
Kd3 h5 32. b3 e4+ 33. fxe4+ fxe4+ 34. Kd2 h4 35. Bf4 Be7 36. g4 h3 37. Ke3 Bc5+
38. Ke2 a5 39. Kd2 Bg1 40. Bb8 Bb6 41. Bg3 Bd8 42. Bf4 Bf6 43. Bg3 Bg5+ 44. Ke2
b4 45. c4+ Kd4 46. Bd6 Bd8 47. Kd2 Bg5+ 48. Ke2 Bh6 49. Bg3 Bg5 50. Bd6 Bd8
1/2-1/2

[Event "12e Tournoi de Noël"]
[Site "Montigny le Bretonneux"]
[Date "2009.12.29"]
[Round "5.2"]
[White "Martsynovskaya, Marina"]
[Black "Etrog, Jonathan"]
[Result "1-0"]
[WhiteElo "2204"]
[BlackElo "2178"]
[Annotator "Rivier,Sylvain"]
[PlyCount "121"]

{Défense française, variante Rubinstein} 1. e4 e6 2. d4 d5 3. Nc3 Nc6 4. e5 f6
5. Nf3 fxe5 6. Nxe5 Nf6 7. Bg5 Bd6 8. Bb5 Bd7 9. f4 O-O 10. O-O Qe8 11. a3 Kh8
12. Kh1 Ng8 13. Be2 Be7 14. Bh5 g6 15. Bxe7 Ngxe7 16. Bg4 Nxe5 17. fxe5 g5 18.
Qd3 Qg6 19. Qxg6 Nxg6 20. g3 c6 21. Kg2 Kg7 22. Ne2 Rxf1 23. Rxf1 Rf8 24. Rxf8
Nxf8 25. Kf2 Be8 26. Ke3 Bg6 27. c3 Kf7 28. Nc1 Nd7 29. Be2 Kg7 30. Nb3 b6 31.
Ba6 Nb8 32. Be2 Nd7 33. c4 Kf7 34. Nd2 h6 35. b4 Ke7 36. b5 c5 37. cxd5 exd5
38. h4 Bf5 39. hxg5 hxg5 40. Nf3 Bg4 {#} 41. dxc5 bxc5 42. a4 Bf5 43. Nxg5 Nxe5
44. Kf4 Kf6 45. Nf3 Nxf3 46. Bxf3 c4 47. Bxd5 c3 48. Ke3 Ke5 49. Bf3 Kd6 50. a5
Kc7 51. g4 Bg6 52. Bd5 Kb8 53. Be6 Be8 54. g5 Bg6 55. Bd5 Kc7 56. Ke2 Kb8 57.
Kd1 Kc7 58. Kc1 Kb8 59. Bb3 Kc7 60. Bc2 Be8 61. Bd3 1-0

[Event "12e Tournoi de Noël"]
[Site "Montigny le Bretonneux"]
[Date "2009.12.29"]
[Round "5.3"]
[White "Vallobra, Pierre"]
[Black "Stroppa, Daniel"]
[Result "0-1"]
[WhiteElo "2055"]
[BlackElo "2208"]
[Annotator "Rivier,Sylvain"]
[PlyCount "94"]

{Ouverture du pion dame} 1. d4 Nc6 2. Nf3 d6 3. e3 e5 4. Nbd2 Nf6 5. Bb5 e4 6.
d5 a6 7. Nxe4 axb5 8. Nxf6+ Qxf6 9. dxc6 bxc6 10. Nd4 Bd7 11. O-O Be7 12. Qd3
Qg6 13. e4 O-O 14. Nf5 Bf6 15. Bd2 Rfe8 16. c3 Be6 17. b3 d5 18. Ng3 b4 19. f4
dxe4 20. Qxe4 bxc3 21. Qxc6 cxd2 22. f5 Bxf5 23. Nxf5 Bxa1 24. Ne7+ Kh8 25.
Nxg6+ hxg6 {#} 26. Qc4 Rad8 27. Qh4+ Kg8 28. Rxa1 d1=Q+ 29. Rxd1 Rxd1+ 30. Kf2
Rd2+ 31. Kf3 Rd3+ 32. Kf2 Rd2+ 33. Kf3 Rxa2 34. Qc4 Rb8 35. b4 Rb2 36. Qxc7
R2xb4 37. h3 Rb3+ 38. Kf2 R3b5 39. Qc4 Rb2+ 40. Kg1 Rd2 41. Qc7 Rb1+ 42. Kh2
Rbb2 43. Kh1 Rb1+ 44. Kh2 Rf1 45. Qc8+ Kh7 46. Qc4 Rff2 47. Kh1 Rxg2 0-1

[Event "12e Tournoi de Noël"]
[Site "Montigny le Bretonneux"]
[Date "2009.12.29"]
[Round "5.4"]
[White "Goulenok, Eric"]
[Black "Thomas, Vincent"]
[Result "1-0"]
[WhiteElo "2177"]
[BlackElo "1979"]
[Annotator "Rivier,Sylvain"]
[PlyCount "67"]

{Défense hollandaise} 1. d4 f5 2. Bg5 g6 3. Nc3 d5 4. h4 h6 5. Bf4 Bg7 6. e3 c6
7. Bd3 Nf6 8. Nh3 Nbd7 9. g4 Nxg4 10. h5 e5 11. dxe5 Ndxe5 12. hxg6 Nxg6 13.
Rg1 Nxf4 14. Nxf4 O-O 15. Nce2 Bxb2 {#} 16. f3 Bxa1 17. Qxa1 Qf6 18. Qc1 Bd7
19. fxg4 fxg4 20. c4 Bf5 21. Bxf5 Qxf5 22. Nd4 Qg5 23. Nf3 Qf5 24. Nd4 Qg5 25.
Nde6 Qh4+ 26. Kd2 Rf6 27. Rg2 Re8 28. cxd5 cxd5 29. Qg1 h5 30. Rh2 Qxh2+ 31.
Qxh2 Rexe6 32. Nxe6 Rxe6 33. Qxh5 Ra6 34. Qxd5+ 1-0

[Event "12e Tournoi de Noël"]
[Site "Montigny le Bretonneux"]
[Date "2009.12.29"]
[Round "5.5"]
[White "Fayolle, Guy"]
[Black "Riazuelo, Gilles"]
[Result "0-1"]
[WhiteElo "1842"]
[BlackElo "2102"]
[Annotator "Rivier,Sylvain"]
[PlyCount "42"]

{Défense sicilienne, attaque Levenfisch} 1. e4 c5 2. Nf3 d6 3. d4 cxd4 4. Nxd4
Nf6 5. Nc3 g6 6. f4 Nc6 7. Be3 Bg7 8. Qd2 O-O 9. Nxc6 bxc6 10. h3 Rb8 11. Rb1
Qa5 12. Bd3 Ng4 {#} 13. O-O Rxb2 14. Nd5 Qxd2 15. Nxe7+ Kh8 16. Bxd2 Bd4+ 17.
Kh1 Nf2+ 18. Rxf2 Rxb1+ 19. Rf1 Rxf1+ 20. Bxf1 Bd7 21. Bb4 Rb8 0-1

[Event "12e Tournoi de Noël"]
[Site "Montigny le Bretonneux"]
[Date "2009.12.29"]
[Round "5.6"]
[White "Msellek, Ilyass"]
[Black "Fruchard, Cyrille"]
[Result "1/2-1/2"]
[WhiteElo "1973"]
[BlackElo "1660"]
[Annotator "Rivier,Sylvain"]
[PlyCount "112"]

{Ouverture du pion dame} 1. d4 d5 2. Nf3 Nf6 3. e3 e6 4. Bd3 Bd6 5. O-O O-O 6.
Ne5 Bxe5 7. dxe5 Nfd7 8. f4 f5 9. b3 Nc5 10. Ba3 Nbd7 11. Nd2 Rf7 12. Nf3 h6
13. Nd4 Qe8 14. Qe2 a6 15. Rac1 b6 16. b4 Ne4 17. Bxe4 dxe4 18. c4 a5 19. b5
Nf8 20. c5 bxc5 21. Rxc5 Bb7 22. Rfc1 Rc8 23. Qc2 Qd8 24. Qc3 Qh4 25. Qe1 Qg4
26. h3 Qh5 27. Qe2 Qh4 28. Kh2 Qd8 29. Qe1 g5 30. Rd1 Qe8 31. Rc3 Rg7 32. Bxf8
Kxf8 33. Rd2 Kg8 34. Nc6 Qh5 35. Qd1 g4 36. Rcc2 Kh8 37. Qf1 Rcg8 {#} 38. Rd8
Bxc6 39. Rxg8+ Kxg8 40. bxc6 gxh3 41. gxh3 Qh4 42. Rg2 Rxg2+ 43. Qxg2+ Kf7 44.
Qd2 Qe7 45. Qxa5 Qd8 46. Qe1 Kg7 47. h4 Kf7 48. h5 Qg8 49. Qg1 Qxg1+ 50. Kxg1
Ke8 51. Kf1 Kd8 52. Ke2 Kc8 53. Kd2 Kb8 54. Kc3 Ka8 55. Kc4 Kb8 56. a4 Ka8
1/2-1/2

[Event "12e Tournoi de Noël"]
[Site "Montigny le Bretonneux"]
[Date "2009.12.29"]
[Round "5.7"]
[White "Ferreira, Carlos"]
[Black "Bouvier, Clement"]
[Result "1-0"]
[WhiteElo "1872"]
[BlackElo "1776"]
[Annotator "Rivier,Sylvain"]
[PlyCount "73"]

{Défense Caro-Kann, variante principale} 1. e4 c6 2. d4 d5 3. Nc3 dxe4 4. Nxe4
Bf5 5. Ng3 Bg6 6. Nf3 Nd7 7. Bd3 e6 8. O-O Ngf6 9. Re1 Bd6 10. Ne5 Bxd3 11.
Qxd3 Qc7 12. Qe2 O-O 13. Bg5 Rac8 14. Nc4 Bxg3 15. hxg3 Nd5 16. Bd2 c5 17. dxc5
Qxc5 18. Na3 a6 19. c4 Nb4 20. Be3 Qe7 21. Nb1 Rfd8 22. a3 Nc6 23. Nc3 Na5 24.
Ne4 h6 25. Rac1 Ne5 26. Rc3 Nd7 27. c5 Nf6 28. Nd6 Ra8 29. Rd1 Nd5 {#} 30. Rcd3
Nc6 31. f4 Rd7 32. Bd4 Nxd4 33. Rxd4 b6 34. b4 Nc3 35. Qf3 Nd5 36. Re1 Rad8 37.
Rxd5 1-0

[Event "12e Tournoi de Noël"]
[Site "Montigny le Bretonneux"]
[Date "2009.12.29"]
[Round "5.8"]
[White "Brisson, Pascal"]
[Black "San Marco, Jean"]
[Result "1/2-1/2"]
[WhiteElo "1826"]
[BlackElo "2008"]
[Annotator "Rivier,Sylvain"]
[PlyCount "56"]

{Gambit Benko} 1. d4 Nf6 2. c4 c5 3. d5 b5 4. Qc2 d6 5. e4 g6 6. Nf3 Nbd7 7.
Nbd2 Bg7 8. Be2 O-O 9. O-O a6 10. Rb1 Rb8 11. b3 e6 12. Bb2 {#} exd5 13. exd5
Nb6 14. Bd3 bxc4 15. bxc4 Bd7 16. Nb3 Rc8 17. Nfd2 a5 18. Bc3 a4 19. Na5 Rb8
20. Ne4 Nxe4 21. Bxe4 Re8 22. Bxg7 Kxg7 23. Qc3+ f6 24. Bf3 Qc7 25. Rfd1 Bf5
26. Rb5 Bd7 27. Rbb1 Bf5 28. Rb5 Bd7 1/2-1/2

[Event "12e Tournoi de Noël"]
[Site "Montigny le Bretonneux"]
[Date "2009.12.29"]
[Round "5.9"]
[White "Baron, Romuald"]
[Black "Rodriguez, Jean-Pierre"]
[Result "1-0"]
[WhiteElo "1984"]
[BlackElo "1648"]
[Annotator "Rivier,Sylvain"]
[PlyCount "61"]

{Défense Caro-Kann, variante principale} 1. e4 c6 2. d4 d5 3. Nc3 dxe4 4. Nxe4
Bf5 5. Ng3 Bg6 6. h4 h5 7. Nf3 Nd7 8. Bd3 Bxd3 9. Qxd3 e6 10. Bg5 Qa5+ 11. Bd2
Qc7 12. Ne4 O-O-O 13. O-O-O f6 14. Qb3 e5 15. dxe5 Nxe5 16. Bf4 {#} Nd3+ 17.
Rxd3 Qxf4+ 18. Nfd2 Qc7 19. Rxd8+ Kxd8 20. Rd1 Ne7 21. Nc5 Kc8 22. Qe6+ Kb8 23.
Re1 a6 24. Nd7+ Ka7 25. Nxf8 Nd5 26. Ng6 Rd8 27. a3 Rd6 28. Qf5 Qf7 29. Ne7 Nb6
30. Qc5 Rd8 31. Nxc6+ 1-0

[Event "12e Tournoi de Noël"]
[Site "Montigny le Bretonneux"]
[Date "2009.12.29"]
[Round "5.10"]
[White "Beaufils, Philippe"]
[Black "Claisse, Patrick"]
[Result "0-1"]
[WhiteElo "1835"]
[BlackElo "1923"]
[Annotator "Rivier,Sylvain"]
[PlyCount "84"]

{Défense sicilienne, gambit Morra} 1. e4 c5 2. d4 cxd4 3. c3 d3 4. c4 d6 5.
Bxd3 g6 6. Ne2 Bg7 7. O-O Nc6 8. Nbc3 Nf6 9. f3 O-O 10. b3 Bd7 11. Bg5 Rc8 12.
Qd2 Re8 13. Rad1 a6 14. Kh1 Qa5 15. Bxf6 Bxf6 16. Nd5 Bg7 17. Qxa5 Nxa5 18. f4
Bg4 19. h3 Bxe2 20. Bxe2 Nc6 21. Bg4 e6 22. Nb6 Rcd8 23. Rd2 Bc3 24. Re2 h5 25.
Bf3 Ba5 26. Na4 Nd4 27. Re3 Nxf3 28. Rfxf3 Kg7 29. Nb2 Rd7 30. Rd3 Red8 31. Rd1
Kf8 32. Rfd3 Ke7 {#} 33. Kg1 Rc7 34. Kf2 Rc6 35. Ke2 Ke8 36. Kf3 Ke7 37. Kg3
Rcc8 38. Kh4 Bb6 39. Kg5 f6+ 40. Kh4 Bf2+ 41. g3 Rh8 42. e5 dxe5 0-1

[Event "12e Tournoi de Noël"]
[Site "Montigny le Bretonneux"]
[Date "2009.12.29"]
[Round "5.11"]
[White "Kuhar, Carl"]
[Black "Appavou, Calixte"]
[Result "0-1"]
[WhiteElo "1787"]
[BlackElo "1894"]
[Annotator "Rivier,Sylvain"]
[PlyCount "34"]

{Partie du centre} 1. e4 e5 2. f4 d5 3. d4 {#} exd4 4. Qxd4 dxe4 5. Qxe4+ Be7
6. Bc4 Nf6 7. Qe2 O-O 8. Nf3 Bc5 9. Be3 Bxe3 10. Qxe3 Ng4 11. Qb3 Re8+ 12. Be2
Nc6 13. c3 Bf5 14. h3 Rxe2+ 15. Kf1 Bd3 16. Kg1 Ne3 17. Rh2 Bc2 0-1

[Event "12e Tournoi de Noël"]
[Site "Montigny le Bretonneux"]
[Date "2009.12.29"]
[Round "5.12"]
[White "Branson, James"]
[Black "Conq, Alain"]
[Result "1/2-1/2"]
[WhiteElo "1674"]
[BlackElo "1886"]
[Annotator "Rivier,Sylvain"]
[PlyCount "114"]

{Défense sicilienne} 1. e4 c5 2. b4 cxb4 3. a3 e6 4. axb4 Bxb4 5. Ba3 Bxa3 6.
Rxa3 Nf6 7. e5 Nd5 8. Qg4 O-O 9. Bd3 f5 10. exf6 Nxf6 11. Qg3 e5 12. c4 Nc6 13.
c5 d5 14. cxd6 Qxd6 15. Nf3 Rd8 16. Ng5 Be6 17. O-O h6 18. Nxe6 Qxe6 19. Rc3 {#
} Qg4 20. Qe3 Nd5 21. Qc5 Nxc3 22. Bc4+ Kh8 23. dxc3 Rd1 24. f3 Rxf1+ 25. Kxf1
Qf4 26. Qb5 Rb8 27. Bd5 a6 28. Qb6 Qf6 29. Be4 Qd8 30. Qb2 Na5 31. Nd2 Qc7 32.
Bd3 b5 33. Qc1 b4 34. c4 Nc6 35. Ne4 b3 36. Bb1 b2 37. Qc3 Qa5 38. Qd3 Nd4 39.
Nf6 e4 40. Nxe4 Nf5 41. Nd6 g6 42. Nxf5 gxf5 43. Qe3 Qb6 44. Qe5+ Kg8 45. Qxf5
Rb7 46. Qd5+ Kg7 47. Qf5 a5 48. Qh7+ Kf8 49. Qh8+ Ke7 50. Qg7+ Kd8 51. Qf8+ Kc7
52. c5 Qb5+ 53. Kf2 Qc6 54. Qf4+ Kc8 55. Qf8+ Kc7 56. Qf4+ Kc8 57. Qf8+ Kc7
1/2-1/2

[Event "12e Tournoi de Noël"]
[Site "Montigny le Bretonneux"]
[Date "2009.12.29"]
[Round "5.13"]
[White "Mongey, Alain"]
[Black "Le Grix De La Salle, Jean-Marie"]
[Result "1/2-1/2"]
[WhiteElo "1613"]
[BlackElo "1869"]
[Annotator "Rivier,Sylvain"]
[PlyCount "114"]

{Ouverture du pion dame, défense est-indienne} 1. d4 Nf6 2. Bg5 g6 3. Nf3 Bg7
4. e3 O-O 5. Bd3 d6 6. O-O Nbd7 7. c4 Re8 8. Nc3 e5 9. Qc2 b6 10. Be4 Rb8 11.
Bc6 h6 12. Bh4 g5 13. Bg3 Nh5 14. dxe5 Nxg3 15. hxg3 dxe5 16. Rad1 Re6 17. Qa4
Rd6 18. Rxd6 cxd6 19. Ne4 Qc7 20. Rd1 Nc5 21. Nxc5 bxc5 22. Bd5 Bf5 23. e4 Bg4
24. Rd2 Bf6 25. Qc2 Bd8 26. Nh2 Bd7 27. Nf1 g4 {#} 28. Ne3 Bg5 29. Qc3 Qc8 30.
Rc2 Qd8 31. b3 h5 32. Qd3 Kg7 33. Nf5+ Bxf5 34. exf5 a5 35. Re2 Qd7 36. Be4 a4
37. Re1 axb3 38. axb3 Qa7 39. Qxd6 Rxb3 40. Qxe5+ Bf6 41. Qf4 Rb2 42. Bd5 Qa5
43. Rd1 Qd8 44. Qc1 Qe7 45. Re1 Qd8 46. Re4 Ra2 47. Qf4 Bd4 48. Rxd4 cxd4 49.
Qxd4+ Qf6 50. Qf4 Qe7 51. Qd4+ f6 52. Be6 Ra7 53. Qe3 Ra1+ 54. Kh2 Qb4 55. Qf4
Qb6 56. Qd2 Ra7 57. Qf4 Qc5 1/2-1/2